ANATOMY, PHYSIOLOGY AND HEALTH EDUCATION (Record no. 8351)
[ view plain ]
| 000 -LEADER | |
|---|---|
| fixed length control field | 00339nam a22001457a 4500 |
| 003 - CONTROL NUMBER IDENTIFIER | |
| control field | SGT |
| 082 ## - DEWEY DECIMAL CLASSIFICATION NUMBER | |
| Classification number | 612 |
| Item number | A16K |
| 100 ## - MAIN ENTRY--PERSONAL NAME | |
| Personal name | KUMAR,N.K |
| 245 ## - TITLE STATEMENT | |
| Title | ANATOMY, PHYSIOLOGY AND HEALTH EDUCATION |
| 260 ## - PUBLICATION, DISTRIBUTION, ETC. (IMPRINT) | |
| Place of publication, distribution, etc | DELHI |
| Name of publisher, distributor, etc | AITBS PUB |
| Year of Publication | 2016 |
| 300 ## - PAGE DESCRIPTION | |
| No. of Pages | 516 |
| 650 ## - SUBJECT ADDED ENTRY--TOPICAL TERM | |
| Topical term or geographic name as entry element | ANATOMY AND PHYSIOLOGY |
| 653 ## - KEYWORDS--INDEX TERM | |
| Keyword term | ANATOMY, PHYSIOLOGY |
| 942 ## - ADDED ENTRY ELEMENTS (KOHA) | |
| Source of classification or shelving scheme | Dewey Decimal Classification |
| Koha item type | Books |
| 942 ## - ADDED ENTRY ELEMENTS (KOHA) | |
| -- | 2 |
| Withdrawn status | Lost status | Source of classification or shelving scheme | Damaged status | Not for loan | Collection code | Home library | Current library | Shelving location | Date acquired | Vendor Name | Cost, normal purchase price | SGTU | Bill Number | Total Checkouts | Full call number | Accession No. (Barcode) | Date last seen | Date last borrowed | Bill Date | Koha item type |
|---|---|---|---|---|---|---|---|---|---|---|---|---|---|---|---|---|---|---|---|---|
| Dewey Decimal Classification | AYURVEDA | SGT FA-FP Library | SGT FA-FP Library | Text Book | 08/03/2016 | AHUJA | 225.00 | SGTU | 6404 | 2 | 612 A16K | FA3296 | 03/04/2023 | 29/03/2023 | 22/12/2015 | Books | ||||
| Dewey Decimal Classification | AYURVEDA | SGT FA-FP Library | SGT FA-FP Library | Text Book | 08/03/2016 | AHUJA | 225.00 | SGTU | 6404 | 5 | 612 A16K | FA3297 | 27/05/2026 | 09/05/2026 | 22/12/2015 | Books | ||||
| Dewey Decimal Classification | AYURVEDA | SGT FA-FP Library | SGT FA-FP Library | Text Book | 08/03/2016 | AHUJA | 225.00 | SGTU | 6404 | 1 | 612 A16K | FA3298 | 08/12/2016 | 06/12/2016 | 22/12/2015 | Books | ||||
| Dewey Decimal Classification | AYURVEDA | SGT FA-FP Library | SGT FA-FP Library | Text Book | 08/03/2016 | AHUJA | 225.00 | SGTU | 6404 | 1 | 612 A16K | FA3299 | 12/05/2016 | 05/05/2016 | 22/12/2015 | Books | ||||
| Dewey Decimal Classification | AYURVEDA | SGT FA-FP Library | SGT FA-FP Library | Text Book | 08/03/2016 | AHUJA | 225.00 | SGTU | 6404 | 3 | 612 A16K | FA3300 | 08/11/2016 | 25/10/2016 | 22/12/2015 | Books |